00918nam a2200205 a 4500008004100000020001800041050001300059100002100072245017500093260003900268300002100307350000900328650005500337650003500392650002600427710001500453995010000468999001700568952012700585080516s2008 ||||||||||||||||| || u a9780821373040 aIBRD(02) aTaylor, Robert P10aFinancing energy efficiency: lessons from Brazil, China India and beyondcBy Robert P. Taylor, Chandrasekar Govindarajalu, jeremy Levin, Anke S. Meyer and William A. Ward aWashington, D.C.bWorld Bankc2008 axvii, 284p. :ill a0.00 aINDUSTRIES--ENERGY CONSUMPTION--ASIA--CASE STUDIES aINDUSTRIES--ENERGY CONSUMPTION 7aENERGY POLICY2unbist aWorld Bank D0.00FCBU-MAIN LIBRARY (Kitwe)H1I0.00M1UAVAILABLEWAug 27, 2008ZInternational Publications c43463d43463 00102lcc4070a001b001cInternational Publicationsd2022-11-30l0oIBRD(02)p9780821373040r2022-11-30w2022-11-30y002